Digital measurement techniques (Record no. 473)

000 -LEADER
fixed length control field 00233 a2200097 4500
020 ## - INTERNATIONAL STANDARD BOOK NUMBER
International Standard Book Number 9781842650431
100 ## - MAIN ENTRY--PERSONAL NAME
Personal name Rathore, T. S.
245 ## - TITLE STATEMENT
Title Digital measurement techniques
250 ## - EDITION STATEMENT
Edition statement 2nd ed.
260 ## - PUBLICATION, DISTRIBUTION, ETC.
Name of publisher, distributor, etc. Alpha Science International
Date of publication, distribution, etc. 2003
Holdings
Withdrawn status Lost status Source of classification or shelving scheme Damaged status Not for loan Permanent Location Current Location Date acquired Date last seen Price effective from
          IMU Kolkata IMU Kolkata 2019-09-30 2019-09-30 2019-09-30
          IMU Kolkata IMU Kolkata 2019-09-30 2019-09-30 2019-09-30
          IMU Kolkata IMU Kolkata 2019-09-30 2019-09-30 2019-09-30
Designed and Maintained by IMU-KC Library, Kolkata Campus © Copyright All Rights Reserved

webs counters

Powered by Koha